00341nam a2200133Ia 4500008004100000040000800041082001100049100002900060245004800089250001000137260003500147300000800182650001700190220530s9999 xx 000 0 und d aeng a616.01 aSP NAIK AND MG KARMARKAR aA HANDBOOK OF PRATICAL MEDICAL MICROBIOLOGY aFIRST aBOMBAYbVORA PUBLICATIONc2006 a100 aMICROBIOLOGY